书目信息 |
| 题名: |
地中海奇迹
|
|
| 作者: | 白献竞 , 高晶 编著 | |
| 分册: | ||
| 出版信息: | 北京 海潮出版社 2006 |
|
| 页数: | 245页 | |
| 开本: | 24cm | |
| 丛书名: | 古代文明探索之旅系列丛书 | |
| 单 册: | ||
| 中图分类: | K125 , K126 | |
| 科图分类: | ||
| 主题词: | 文化史--古希腊 , 文化史--古罗马 | |
| 电子资源: | ||
| ISBN: | 7-80213-081-6 | |
| 000 | 01011oam2 2200289 450 | |
| 001 | 1561636518 | |
| 005 | 20150124170727.68 | |
| 010 | @a7-80213-081-6@dCNY29.00 | |
| 100 | @a20060104d2006 em y0chiy50 ea | |
| 101 | 0 | @achi |
| 102 | @aCN@b110000 | |
| 105 | @aa z 000yy | |
| 200 | 1 | @a地中海奇迹@9di zhong hai qi ji@e正说古希腊罗马文明@f白献竞,高晶编著 |
| 210 | @a北京@c海潮出版社@d2006 | |
| 215 | @a245页@c图@d24cm | |
| 225 | 2 | @a古代文明探索之旅系列丛书 |
| 330 | @a本书内容包括:古希腊罗马的光荣、战争与征服、古希腊文化的繁荣、古希腊的哲学精神、文学艺术与戏剧、社会风俗与政治、希腊罗马神话、希腊罗马建筑等。 | |
| 461 | 0 | @12001 @a古代文明探索之旅系列丛书 |
| 517 | 1 | @a正说古希腊罗马文明@9zheng shuo gu xi la luo ma wen ming |
| 606 | 0 | @a文化史@x古希腊 |
| 606 | 0 | @a文化史@x古罗马 |
| 690 | @aK125@v5 | |
| 690 | @aK126@v5 | |
| 701 | 0 | @a白献竞@9bai xian jing@f(1948.2~)@4编著 |
| 701 | 0 | @a高晶@9gao jing@c(女,@f1963.4~)@4编著 |
| 801 | 0 | @aCN@bTSSF@c20150115 |
| 905 | @aZUCC@dK125@eJY1 | |
| 地中海奇迹:正说古希腊罗马文明/白献竞,高晶编著.-北京:海潮出版社,2006 |
| 245页:图;24cm.-(古代文明探索之旅系列丛书) |
| ISBN 7-80213-081-6:CNY29.00 |
| 本书内容包括:古希腊罗马的光荣、战争与征服、古希腊文化的繁荣、古希腊的哲学精神、文学艺术与戏剧、社会风俗与政治、希腊罗马神话、希腊罗马建筑等。 |
| ● |
| 相关链接 |
|
|
|
|
正题名:地中海奇迹
索取号:K125/JY1
 
预约/预借
| 序号 | 登录号 | 条形码 | 馆藏地/架位号 | 状态 | 备注 |
| 1 | 7844772 | 278447726 | 学院路分馆/ [索取号:K125/JY1] | 在馆 |